[Event "URU-ch Semi Final 2020"]
[Site "Montevideo"]
[Date "2020.02.23"]
[Round "5.20"]
[White "Osinaga, Eduardo"]
[Black "Belbey, Juan"]
[Result "0-1"]
[WhiteElo "1697"]
[BlackElo "1611"]
[Annotator "NA RC"]
[PlyCount "62"]
[EventDate "2020.02.22"]
[EventType "swiss"]
[EventCountry "URU"]
[SourceTitle "playchess.com"]
[Source "ChessBase"]
[SourceQuality "1"]
[TimeControl "5400+30"]

1. e4 {[%emt 0:02:23]} a6 {[%emt 0:00:33]} 2. d4 {[%emt 0:00:11]} d6 {[%emt 0:00:32]} 3. Nf3 {[%emt 0:00:23]} g6 {[%emt 0:00:13]} 4. Bd3 {[%emt 0:00:52]} Bg7 {[%emt 0:00:13]} 5. Be3 {[%emt 0:00:37]} Nd7 {[%emt 0:00:13]} 6. c3 {[%emt 0:00:32]} c5 {[%emt 0:00:16]} 7. d5 Ngf6 {[%emt 0:00:24]} 8. h3 {[%emt 0:01:09]} b5 {[%emt 0:00:30]} 9. O-O {[%emt 0:00:26]} Qc7 {[%emt 0:00:33]} 10. Bc2 {[%emt 0:02:29]} Bb7 {[%emt 0:00:36]} 11. Nbd2 {[%emt 0:01:47]} e6 {[%emt 0:00:37]} 12. dxe6 {[%emt 0:00:47]} fxe6 {[%emt 0:00:14]} 13. Ng5 {[%emt 0:00:52]} Nf8 {[%emt 0:00:15]} 14. f4 {[%emt 0:01:03]} h6 {[%emt 0:00:36]} 15. Ngf3 {[%emt 0:01:10]} e5 {[%emt 0:00:41]} 16. fxe5 {[%emt 0:03:05]} dxe5 {[%emt 0:00:11]} 17. Qe1 {[%emt 0:01:08]} Nh5 {[%emt 0:01:30]} 18. c4 {[%emt 0:02:32]} Ne6 {[%emt 0:00:20]} 19. Nh4 {[%emt 0:01:36]} O-O-O {[%emt 0:02:00]} 20. cxb5 {[%emt 0:00:50]} axb5 {[%emt 0:00:29]} 21. Nb3 {[%emt 0:00:57]} Nd4 {[%emt 0:00:39]} 22. Bxd4 {[%emt 0:00:33]} exd4 {[%emt 0:00:12]} 23. Nxg6 {[%emt 0:01:57]} d3 {[%emt 0:00:22]} 24. Bd1 {[%emt 0:00:36]} Ng3 {[%emt 0:00:38]} 25. Rf4 {[%emt 0:03:49]} Ne2+ {[%emt 0:01:07]} 26. Bxe2 {[%emt 0:00:41]} dxe2 {[%emt 0:00:05]} 27. Qxe2 {[%emt 0:00:14]} c4 {[%emt 0:00:10]} 28. Rc1 {[%emt 0:01:11]} Qb6+ {[%emt 0:00:09]} 29. Qf2 {[%emt 0:02:31]} Qxg6 {[%emt 0:00:11]} 30. Nc5 {[%emt 0:01:34]} Bd4 {[%emt 0:00:15]} 31. Nxb7 {[%emt 0:00:44]} Kxb7 {[%emt 0:01:12]} 0-1

[Event "URU-ch Semi Final 2020"]
[Site "Montevideo"]
[Date "2020.02.23"]
[Round "5.21"]
[White "Bon, Charles"]
[Black "Blanco, Rudemar Ernesto"]
[Result "1-0"]
[WhiteElo "1614"]
[BlackElo "1470"]
[Annotator "NA RC"]
[PlyCount "53"]
[EventDate "2020.02.22"]
[EventType "swiss"]
[EventCountry "URU"]
[SourceTitle "playchess.com"]
[Source "ChessBase"]
[SourceQuality "1"]
[TimeControl "5400+30"]

1. e4 {[%emt 0:00:00]} d6 {[%emt 0:01:18]} 2. d4 {[%emt 0:00:14]} Nf6 {[%emt 0:00:32]} 3. Nc3 {[%emt 0:00:45]} Nbd7 {[%emt 0:00:33]} 4. f4 {[%emt 0:02:21]} e5 {[%emt 0:00:07]} 5. fxe5 {[%emt 0:04:58]} dxe5 {[%emt 0:01:00]} 6. dxe5 {[%emt 0:00:15]} Nxe5 {[%emt 0:00:36]} 7. Qxd8+ {[%emt 0:00:29]} Kxd8 {[%emt 0:00:11]} 8. Bf4 {[%emt 0:07:16]} Bd6 {[%emt 0:07:01]} 9. O-O-O {[%emt 0:01:02]} Ke7 {[%emt 0:01:24]} 10. Nf3 {[%emt 0:03:42]} Nxf3 {[%emt 0:08:33]} 11. Bxd6+ {[%emt 0:00:35]} cxd6 {[%emt 0:00:38]} 12. gxf3 {[%emt 0:00:10]} a6 {[%emt 0:01:55]} 13. Bc4 {[%emt 0:02:43]} Be6 {[%emt 0:04:26]} 14. Nd5+ {[%emt 0:03:40]} Nxd5 {[%emt 0:02:29]} 15. Bxd5 {[%emt 0:02:50]} Bxd5 {[%emt 0:02:59]} 16. Rxd5 {[%emt 0:00:48]} Rac8 {[%emt 0:00:32]} 17. Rhd1 {[%emt 0:01:12]} Rhd8 {[%emt 0:00:12]} 18. f4 {[%emt 0:04:20]} Rc5 {[%emt 0:02:04]} 19. Rxc5 {[%emt 0:06:00]} dxc5 {[%emt 0:00:14]} 20. Rxd8 {[%emt 0:00:28]} Kxd8 {[%emt 0:00:10]} 21. Kd2 {[%emt 0:00:15]} b5 {[%emt 0:00:57]} 22. Ke3 {[%emt 0:00:14]} Kd7 {[%emt 0:00:24]} 23. e5 {[%emt 0:00:42]} g6 {[%emt 0:00:41]} 24. Ke4 {[%emt 0:00:51]} Ke6 {[%emt 0:00:30]} 25. h4 {[%emt 0:00:30]} h6 {[%emt 0:01:37]} 26. c3 {[%emt 0:01:16]} h5 {[%emt 0:00:27]} 27. b3 {[%emt 0:00:30]} 1-0

[Event "URU-ch Semi Final 2020"]
[Site "Montevideo"]
[Date "2020.02.23"]
[Round "5.22"]
[White "Svarcas, Anibal"]
[Black "Cayetano, Juan"]
[Result "0-1"]
[WhiteElo "1672"]
[BlackElo "1543"]
[Annotator "NA RC"]
[PlyCount "66"]
[EventDate "2020.02.22"]
[EventType "swiss"]
[EventCountry "URU"]
[SourceTitle "playchess.com"]
[Source "ChessBase"]
[SourceQuality "1"]
[TimeControl "5400+30"]

1. e4 {[%emt 0:00:00]} e6 {[%emt 0:00:00]} 2. d4 {[%emt 0:00:00]} d5 {[%emt 0:00:00]} 3. Nc3 {[%emt 0:00:00]} Bb4 {[%emt 0:00:00]} 4. e5 {[%emt 0:00:00]} c5 {[%emt 0:01:35]} 5. a3 {[%emt 0:00:15]} cxd4 {[%emt 0:01:29]} 6. axb4 {[%emt 0:00:19]} dxc3 {[%emt 0:00:07]} 7. bxc3 {[%emt 0:02:21]} Qc7 {[%emt 0:00:29]} 8. Qd4 {[%emt 0:00:19]} Nc6 {[%emt 0:00:46]} 9. Bb5 {[%emt 0:00:13]} a6 {[%emt 0:00:36]} 10. Nf3 {[%emt 0:01:04]} axb5 {[%emt 0:00:50]} 11. Qc5 {[%emt 0:00:31]} Rxa1 {[%emt 0:00:16]} 12. O-O {[%emt 0:00:10]} Nge7 {[%emt 0:00:26]} 13. Nd4 {[%emt 0:01:13]} O-O {[%emt 0:01:05]} 14. Nxb5 {[%emt 0:00:07]} Qxe5 {[%emt 0:00:18]} 15. Nd4 {[%emt 0:03:11]} Nxd4 {[%emt 0:00:43]} 16. cxd4 {[%emt 0:00:41]} Qf6 {[%emt 0:00:15]} 17. Qc3 {[%emt 0:00:52]} Ra8 {[%emt 0:00:26]} 18. Qd3 {[%emt 0:01:59]} Nc6 {[%emt 0:00:34]} 19. c3 {[%emt 0:00:16]} e5 {[%emt 0:01:01]} 20. dxe5 {[%emt 0:00:36]} Qxe5 {[%emt 0:00:16]} 21. f4 {[%emt 0:00:49]} Qe4 {[%emt 0:00:58]} 22. Qg3 {[%emt 0:00:32]} Re8 {[%emt 0:01:03]} 23. Bd2 {[%emt 0:00:54]} Qc2 {[%emt 0:01:26]} 24. Be1 {[%emt 0:03:02]} Bf5 {[%emt 0:00:31]} 25. Bf2 {[%emt 0:00:53]} Bd3 {[%emt 0:00:36]} 26. Re1 {[%emt 0:01:56]} Rxe1+ {[%emt 0:00:08]} 27. Bxe1 {[%emt 0:00:28]} Qe2 {[%emt 0:00:10]} 28. h4 {[%emt 0:00:23]} Ra1 {[%emt 0:00:19]} 29. Kh2 {[%emt 0:00:16]} Qxe1 {[%emt 0:00:20]} 30. Qg4 {[%emt 0:00:25]} Bf5 {[%emt 0:00:38]} 31. Qxf5 {[%emt 0:00:37]} Qxh4+ {[%emt 0:00:10]} 32. Qh3 {[%emt 0:00:04]} Qxh3+ 33. Kxh3 Nxb4 {[%emt 0:01:08]} 0-1

[Event "URU-ch Semi Final 2020"]
[Site "Montevideo"]
[Date "2020.02.23"]
[Round "5.23"]
[White "Nakle, Gonzalo"]
[Black "Lima Abadal, Nicolas"]
[Result "1-0"]
[WhiteElo "1675"]
[BlackElo "1646"]
[Annotator "NA RC"]
[PlyCount "73"]
[EventDate "2020.02.22"]
[EventType "swiss"]
[EventCountry "URU"]
[SourceTitle "playchess.com"]
[Source "ChessBase"]
[SourceQuality "1"]
[TimeControl "5400+30"]

1. d4 {[%emt 0:02:17]} Nf6 {[%emt 0:01:48]} 2. c4 {[%emt 0:00:10]} g6 {[%emt 0:00:37]} 3. Nc3 {[%emt 0:00:14]} Bg7 {[%emt 0:00:07]} 4. e4 {[%emt 0:00:06]} d6 {[%emt 0:00:04]} 5. Nf3 {[%emt 0:00:04]} O-O {[%emt 0:00:15]} 6. Be2 {[%emt 0:00:55]} Nbd7 {[%emt 0:01:06]} 7. O-O {[%emt 0:00:41]} e5 {[%emt 0:00:19]} 8. d5 {[%emt 0:00:13]} Nc5 {[%emt 0:04:09]} 9. Qc2 {[%emt 0:01:21]} a5 {[%emt 0:01:41]} 10. a3 {[%emt 0:00:25]} Nh5 {[%emt 0:01:17]} 11. Bg5 {[%emt 0:02:06]} f6 {[%emt 0:00:22]} 12. b4 {[%emt 0:00:06]} fxg5 {[%emt 0:07:01]} 13. bxc5 {[%emt 0:00:08]} g4 {[%emt 0:02:03]} 14. Ne1 {[%emt 0:00:39]} dxc5 {[%emt 0:05:37]} 15. Nd3 {[%emt 0:00:23]} b6 {[%emt 0:01:36]} 16. Rad1 {[%emt 0:00:44]} Nf4 {[%emt 0:14:34]} 17. Nb5 {[%emt 0:01:04]} Bd7 {[%emt 0:02:43]} 18. a4 {[%emt 0:02:54]} Bxb5 {[%emt 0:01:00]} 19. cxb5 {[%emt 0:00:06]} Nxd3 20. Rxd3 {[%emt 0:00:11]} h5 {[%emt 0:07:31]} 21. h3 {[%emt 0:00:22]} gxh3 {[%emt 0:06:53]} 22. Rxh3 {[%emt 0:00:06]} Rf4 {[%emt 0:07:24]} 23. d6 {[%emt 0:00:07]} cxd6 {[%emt 0:00:59]} 24. Qb3+ {[%emt 0:00:07]} Kf8 {[%emt 0:07:32]} 25. Qd5 {[%emt 0:00:06]} Ra7 {[%emt 0:00:27]} 26. Bc4 {[%emt 0:00:05]} Qf6 {[%emt 0:01:20]} 27. Re3 {[%emt 0:01:15]} h4 {[%emt 0:05:12]} 28. Rd3 {[%emt 0:01:54]} Rd7 {[%emt 0:02:01]} 29. Qc6 {[%emt 0:00:44]} Qd8 {[%emt 0:00:08]} 30. g3 {[%emt 0:00:59]} hxg3 {[%emt 0:01:29]} 31. fxg3 {[%emt 0:00:05]} Rxf1+ {[%emt 0:00:58]} 32. Kxf1 {[%emt 0:00:06]} Bf6 {[%emt 0:03:38]} 33. Qd5 {[%emt 0:00:16]} Kg7 {[%emt 0:00:18]} 34. Rf3 {[%emt 0:00:38]} Qh8 {[%emt 0:00:56]} 35. Kg2 {[%emt 0:00:20]} Kh6 {[%emt 0:05:12]} 36. Qe6 {[%emt 0:00:29]} Qd8 {[%emt 0:02:45]} 37. Rxf6 {[%emt 0:00:08]} 1-0

[Event "URU-ch Semi Final 2020"]
[Site "Montevideo"]
[Date "2020.02.24"]
[Round "6.1"]
[White "Coppola, Claudio"]
[Black "Dominguez, Facundo"]
[Result "1-0"]
[WhiteElo "2314"]
[BlackElo "2135"]
[Annotator "TA"]
[PlyCount "75"]
[EventDate "2020.02.22"]
[EventType "swiss"]
[EventCountry "URU"]
[SourceTitle "playchess.com"]
[Source "ChessBase"]
[SourceQuality "1"]

{[%evp 18,75,32,27,47,39,41,6,28,16,20,-27,12,8,18,-54,41,38,168,162,154,76,94,33,101,89,87,97,101,69,63,68,102,102,111,107,201,186,224,207,175,161,255,246,392,377,497,516,427,212,213,205,204,125,93,101,29992,29993,29993,29994]} 1. d4 Nf6 2. c4 c5 3. d5 e6 4. Nc3 exd5 5. cxd5 d6 6. Nf3 g6 7. g3 Bg7 8. Bg2 O-O 9. O-O a6 10. a4 Qc7 {A62: Modern Benoni: Fianchetto Variation without early ...Nbd7.} 11. h3 Nbd7 12. Bf4 Rb8 {The position is equal.} 13. Rc1 Re8 14. Re1 {[#]} Ne4 $146 ({Predecessor:} 14... Nh5 15. Bd2 Ne5 16. g4 Nxf3+ 17. exf3 Rxe1+ 18. Qxe1 Nf6 19. b4 b6 20. g5 Nd7 21. f4 f5 {0-1 (65) Prohaszka,P (2598)-Csiszar,C (2432) Ajka 2019}) 15. Nxe4 Rxe4 16. Nd2 (16. Qc2 $11 Re7 17. b4) 16... Re8 (16... Rxf4 $1 $15 17. gxf4 Bxb2) 17. b4 $14 Be5 (17... b6 $1 $14) 18. Bxe5 $1 $18 Rxe5 19. Nc4 (19. a5 $142) 19... Re8 $16 20. Qd2 ({White should try} 20. a5 $1 $16) 20... b6 (20... b5 $14 21. axb5 axb5) 21. e4 Ne5 22. Nxe5 Rxe5 23. f4 Re8 24. e5 Bd7 25. a5 $36 {[%mdl 2048] White is on the roll.} c4 26. e6 Bb5 {[#]} (26... fxe6 $16 27. dxe6 Bxe6) 27. f5 $1 $18 {[%cal Rf5f6] Black must now prevent f6.} f6 28. fxg6 hxg6 29. Qd4 Qe7 (29... bxa5 {was necessary.} 30. Qxf6 Qa7+ 31. Kh2 Qg7 32. Qxg7+ Kxg7) 30. axb6 Qd8 (30... f5 {was worth a try.} 31. Bf1 Qg7) 31. Kh2 Kg7 32. Rf1 Rf8 33. e7 (33. g4 $142 {Strongly threatening g5.} c3 34. Rxc3 Qxb6 35. Qxb6 Rxb6 36. Rc7+ Kh6 37. e7) 33... Qxe7 34. Rce1 {[%cal Bc1e1,Be1e6,Be6e7][%mdl 32]} Qd8 35. Re6 c3 {[#]} 36. Rf2 $1 Qxb6 $2 {[%mdl 8192]} (36... Ba4 $16) 37. Re7+ Kg8 {[#]} 38. Qh4 $1 {[%mdl 512] Accuracy: White = 64%, Black = 40%.} 1-0

[Event "URU-ch Semi Final 2020"]
[Site "Montevideo"]
[Date "2020.02.24"]
[Round "6.2"]
[White "Carbone, Diego"]
[Black "Lopez Azambuja, Nicolas"]
[Result "1/2-1/2"]
[WhiteElo "2239"]
[BlackElo "2310"]
[Annotator "TA"]
[PlyCount "29"]
[EventDate "2020.02.22"]
[EventType "swiss"]
[EventCountry "URU"]
[SourceTitle "playchess.com"]
[Source "ChessBase"]
[SourceQuality "1"]

{[%evp 10,29,6,11,19,0,12,11,-2,4,23,26,25,20,24,21,16,0,12,0,0,0]} 1. d4 Nf6 2. Nf3 e6 3. g3 b5 4. Bg2 Bb7 5. O-O c5 6. Bg5 cxd4 {A46: 1 d4 Nf6 2 Nf3 e6: Torre, London and Colle Systems.} 7. Bxf6 Qxf6 8. Nxd4 Bxg2 9. Kxg2 {[#]} Qe5 $146 ({Predecessor:} 9... a6 10. c3 Bc5 11. e3 O-O 12. Nd2 d5 13. N2b3 Qe7 14. a4 b4 15. Rc1 Ra7 {½-½ (23) Romanishin,O (2509)-Drasko,M (2437) Porto San Giorgio 2014}) 10. Qd3 a6 11. a4 {[%cal Ra4b5]} b4 12. Nd2 Be7 {The position is equal.} 13. Nc4 Qc5 14. a5 O-O 15. e4 {An uneventful encounter. Accuracy: White = 100%, Black = 100%.} 1/2-1/2

[Event "URU-ch Semi Final 2020"]
[Site "Montevideo"]
[Date "2020.02.24"]
[Round "6.3"]
[White "Curi, Gabriel"]
[Black "Larrea, Manuel"]
[Result "1-0"]
[WhiteElo "2132"]
[BlackElo "2243"]
[Annotator "TA"]
[PlyCount "135"]
[EventDate "2020.02.22"]
[EventType "swiss"]
[EventCountry "URU"]
[SourceTitle "playchess.com"]
[Source "ChessBase"]
[SourceQuality "1"]

{[%evp 19,135,0,9,14,21,33,35,36,39,18,2,18,6,14,67,81,70,71,74,72,89,61,65,31,48,46,135,81,108,116,115,92,117,104,120,112,153,61,78,47,125,102,100,27,33,27,30,35,35,35,118,27,137,67,100,14,6,-58,62,58,73,12,18,13,8,-45,-70,-47,-11,-10,28,0,0,1,152,152,172,165,177,115,109,105,108,40,185,177,225,214,241,213,468,460,464,447,434,437,425,418,451,464,443,429,451,431,479,455,472,361,503,463,580,563,556,454,29993,29994,29996,29997]} 1. e4 c5 2. Nf3 Nc6 3. d4 cxd4 4. Nxd4 Nf6 5. Nc3 d6 6. Be2 e5 7. Nf3 h6 8. O-O Be7 9. Re1 O-O 10. h3 Be6 11. Bf1 {B58: Classical Sicilian: 6 Be2.} Qd7 {11...Qa5 is setting a new trend.} 12. Nd5 Nh7 13. c4 {White is slightly better.} Bd8 {[#]} 14. b4 $146 ({Predecessor:} 14. Bd2 Ng5 15. Bc3 f5 16. Nxg5 Bxg5 17. exf5 Bxf5 18. Be2 Rac8 19. Bg4 Bxg4 20. Qxg4 Qxg4 21. hxg4 {0-1 (54) Iuldachev,S (2496)-Gupta,A (2595) Kuala Lumpur 2010}) 14... Bxd5 15. cxd5 (15. Qxd5 Nxb4 16. Qd1 Nf6 $15) 15... Nxb4 16. Rb1 a5 (16... Na6 $1 $11) 17. a3 $14 Na6 18. Be3 Nf6 19. Bb5 Qe7 20. Bxa6 (20. Qd3 {with more complications.} Nh5 21. Nd2 a4 22. Rec1 Nc7 23. Nc4) 20... Rxa6 21. Qa4 b6 22. Rec1 {[%mdl 1024] White has compensation.} Bc7 (22... Nd7 $14) 23. Nd2 (23. Nh4 $142) 23... Rb8 24. Rc6 Ra7 25. Qc4 (25. Bxb6 $6 Rab7 $11) 25... Rab7 26. a4 Bd8 27. Rb2 Nd7 28. Nb1 (28. Qc2 $1 $16) 28... Nc5 29. Nc3 Kh7 (29... Qd7 $14) 30. Nb5 $16 Bc7 31. f4 (31. Nxc7 $16 Rxc7 32. Rcxb6 (32. Rbxb6 Rxb6 33. Rxb6 Qd7 $16) 32... Rxb6 33. Rxb6) 31... exf4 $11 32. Bxf4 Rd8 $1 33. Re2 Bb8 34. Bg3 Qf6 {[#]} (34... Kg8 $14) 35. Kh2 (35. e5 $1 $16 {[%cal Re5f6][%mdl 512]} Qg6 (35... dxe5 36. Rxf6) 36. Kh2) 35... Qa1 (35... Qe7 $11 {keeps the balance.}) 36. Nd4 ({But not} 36. Nxd6 $6 Bxd6 37. Rxd6 Rxd6 $11) (36. Re1 $16 Qb2 37. e5 (37. Nxd6 Re7 $16)) 36... Nd7 37. Nc2 ({White should try} 37. e5 $16) 37... Qb1 38. Rf2 (38. Re1 $11 Qb2 39. Nd4) 38... Ne5 ({Black should play} 38... Nc5 $15) 39. Bxe5 $14 dxe5 {[#]} 40. Rf1 (40. Na3 $1 $16 {[%cal Ra3b1]} Qe1 41. Rf1) 40... Qb2 $11 41. Ne3 Qd4 $132 {[%mdl 2048] Black is not holding back} 42. Nf5 (42. Rf3 $11) 42... Qxc4 $15 43. Rxc4 g6 44. Ne3 Bd6 45. Rb1 Rdd7 46. Rc6 Bb8 $2 (46... Kg7 $11) 47. Nc4 $16 Kg7 48. g4 Rdc7 49. Rbxb6 (49. Kg2 $18) 49... Rxb6 50. Nxb6 $18 {[%mdl 4096] Endgame KRB-KRN} Rb7 51. Kg2 (51. Nc4 $16) 51... Ba7 {This move loses the game for Black.} ({Better is} 51... Bc7 $1 $14 52. Nc4 Bd8) 52. Nc4 $1 {[%csl LRa5,LRe5]} Bd4 53. d6 ({Not} 53. Nxa5 Ra7 $11) 53... Kf6 54. Rc7 ({Weaker is} 54. Nxa5 Ra7 $11) 54... Rb4 $2 (54... Ra7 55. Rxa7 Bxa7) 55. d7 Ke7 {And now ...Kd8 would win.} 56. Nxa5 {Threatening mate with Nc6+.} Rb2+ 57. Kf3 {Intending Nc6+ and mate.} Kd8 58. Nc6+ Kxc7 59. d8=Q+ {[%mdl 64] Double Attack} Kxc6 {KQ-KRB} 60. Qd5+ Kb6 61. h4 Rf2+ 62. Kg3 Rf4 63. Qb5+ Ka7 64. Qd7+ Ka6 65. Qc6+ Ka7 66. a5 {[%cal Ba4a5,Ba5a6][%mdl 32] White wants to mate with a6.} h5 (66... Rf2 $18 67. h5 gxh5 68. gxh5 f6 69. Qd7+ Ka6) 67. a6 {[%csl Ga6][%cal Rc6b7]} Rxg4+ 68. Kh3 {Accuracy: White = 55%, Black = 48%.} 1-0

[Event "URU-ch Semi Final 2020"]
[Site "Montevideo"]
[Date "2020.02.24"]
[Round "6.4"]
[White "Lopez Falcon, Jorge"]
[Black "Carvalho, Guillermo"]
[Result "1/2-1/2"]
[WhiteElo "2119"]
[BlackElo "2187"]
[Annotator "TA"]
[PlyCount "39"]
[EventDate "2020.02.22"]
[EventType "swiss"]
[EventCountry "URU"]
[SourceTitle "playchess.com"]
[Source "ChessBase"]
[SourceQuality "1"]

{[%evp 17,39,24,27,25,31,22,47,39,62,64,62,59,66,23,38,40,50,35,35,33,37,31,52,44]} 1. d4 Nf6 2. c4 e6 3. Nf3 Bb4+ 4. Nbd2 O-O 5. a3 Bxd2+ 6. Bxd2 d6 7. g3 Ne4 8. Bg2 Nxd2 9. Qxd2 Qe7 10. O-O {E11: Bogo-Indian.} Nd7 11. Rac1 {[#]} c6 $146 ({Predecessor:} 11... e5 12. dxe5 dxe5 13. Qe3 Re8 14. Rfd1 e4 15. Nd4 a6 16. Nc2 Nf6 17. h3 h6 {1-0 (27) Hoexter,H (2061)-Schoesser,M (1838) GER email 2016}) 12. c5 d5 13. Rfe1 f5 14. Qf4 Re8 15. Ne5 Nxe5 16. Qxe5 {White is slightly better.} Qf6 17. f4 Qxe5 18. fxe5 Bd7 19. e3 b5 20. Bf1 {Accuracy: White = 89%, Black = 88%.} 1/2-1/2

[Event "URU-ch Semi Final 2020"]
[Site "Montevideo"]
[Date "2020.02.24"]
[Round "6.5"]
[White "Vazquez, Facundo"]
[Black "Suarez, Pedro"]
[Result "1/2-1/2"]
[WhiteElo "2155"]
[BlackElo "2063"]
[Annotator "RC"]
[PlyCount "149"]
[EventDate "2020.02.22"]
[EventType "swiss"]
[EventCountry "URU"]
[SourceTitle "playchess.com"]
[Source "ChessBase"]
[SourceQuality "1"]
[TimeControl "5400+30"]

1. d4 {[%emt 0:00:00]} Nf6 {[%emt 0:00:03]} 2. c4 {[%emt 0:00:00]} e6 {[%emt 0:01:37]} 3. Nf3 {[%emt 0:00:00]} b6 {[%emt 0:00:38]} 4. a3 {[%emt 0:00:00]} Bb7 {[%emt 0:01:09]} 5. Nc3 {[%emt 0:00:00]} d6 {[%emt 0:03:05]} 6. d5 {[%emt 0:01:37]} g6 {[%emt 0:04:16]} 7. e4 {[%emt 0:03:50]} e5 {[%emt 0:09:16]} 8. Be2 {[%emt 0:03:31]} Bg7 {[%emt 0:01:29]} 9. b4 {[%emt 0:02:57]} Nbd7 {[%emt 0:01:27]} 10. Be3 {[%emt 0:13:13]} O-O {[%emt 0:07:48]} 11. Nd2 {[%emt 0:00:23]} Ne8 {[%emt 0:02:12]} 12. g4 {[%emt 0:05:06]} c5 {[%emt 0:18:07]} 13. b5 {[%emt 0:15:19]} f6 {[%emt 0:09:46]} 14. h4 {[%emt 0:01:18]} Rf7 {[%emt 0:00:50]} 15. Nf1 {[%emt 0:00:29]} Bf8 {[%emt 0:02:39]} 16. Ng3 {[%emt 0:02:31]} Be7 {[%emt 0:04:45]} 17. Qd2 {[%emt 0:01:00]} Ng7 {[%emt 0:01:39]} 18. O-O-O {[%emt 0:01:21]} Bc8 {[%emt 0:02:19]} 19. Rh2 {[%emt 0:01:19]} Nf8 {[%emt 0:05:43]} 20. f4 {[%emt 0:03:37]} exf4 {[%emt 0:01:34]} 21. Bxf4 {[%emt 0:00:02]} Nd7 {[%emt 0:00:23]} 22. Nf1 {[%emt 0:06:25]} Ne5 {[%emt 0:00:51]} 23. Ne3 {[%emt 0:00:10]} Rf8 {[%emt 0:06:25]} 24. Rdh1 {[%emt 0:08:07]} Nf7 {[%emt 0:02:25]} 25. Qe1 {[%emt 0:04:54]} h6 {[%emt 0:01:46]} 26. Qg1 {[%emt 0:04:47]} Bd7 {[%emt 0:00:58]} 27. Rg2 {[%emt 0:00:45]} g5 {[%emt 0:00:53]} 28. Bg3 {[%emt 0:00:47]} a6 {[%emt 0:01:05]} 29. a4 {[%emt 0:01:18]} axb5 {[%emt 0:00:16]} 30. cxb5 {[%emt 0:00:02]} Ra7 {[%emt 0:03:21]} 31. Nc4 {[%emt 0:01:53]} Ne5 {[%emt 0:02:49]} 32. hxg5 {[%emt 0:00:57]} hxg5 {[%emt 0:00:01]} 33. Bxe5 {[%emt 0:00:58]} fxe5 {[%emt 0:00:31]} 34. Qh2 {[%emt 0:00:08]} Rf6 {[%emt 0:00:22]} 35. Ne3 {[%emt 0:01:19]} Kf7 {[%emt 0:01:38]} 36. Nf5 {[%emt 0:00:15]} Qf8 {[%emt 0:00:41]} 37. Qh7 {[%emt 0:00:59]} Ra8 {[%emt 0:00:47]} 38. Rh5 {[%emt 0:01:14]} Qg8 {[%emt 0:00:59]} 39. Nh6+ {[%emt 0:00:49]} Rxh6 {[%emt 0:00:02]} 40. Qxh6 {[%emt 0:00:01]} Nxh5 {[%emt 0:00:19]} 41. Qxh5+ {[%emt 0:06:18]} Qg6 {[%emt 0:00:13]} 42. Qxg6+ {[%emt 0:02:24]} Kxg6 {[%emt 0:00:02]} 43. Bd1 {[%emt 0:00:10]} Rf8 {[%emt 0:00:50]} 44. Nb1 {[%emt 0:00:22]} Rf4 {[%emt 0:00:14]} 45. Nd2 {[%emt 0:00:09]} Bd8 {[%emt 0:01:23]} 46. Nc4 {[%emt 0:02:26]} Bc7 {[%emt 0:00:04]} 47. a5 {[%emt 0:03:22]} Bxb5 {[%emt 0:01:47]} 48. axb6 {[%emt 0:00:22]} Bxc4 {[%emt 0:00:22]} 49. bxc7 {[%emt 0:00:07]} Ba6 {[%emt 0:00:02]} 50. Rb2 {[%emt 0:00:23]} Bc8 {[%emt 0:00:53]} 51. Rb6 {[%emt 0:01:21]} Rf6 {[%emt 0:00:01]} 52. Ba4 {[%emt 0:00:57]} Kg7 {[%emt 0:00:55]} 53. Bb5 {[%emt 0:01:18]} Rf7 {[%emt 0:00:37]} 54. Rxd6 {[%emt 0:00:25]} Rxc7 {[%emt 0:00:01]} 55. Be2 {[%emt 0:00:34]} Kf7 {[%emt 0:00:36]} 56. Kc2 {[%emt 0:00:32]} Bd7 {[%emt 0:00:31]} 57. Kc3 {[%emt 0:00:42]} Rb7 {[%emt 0:00:49]} 58. Rh6 {[%emt 0:01:01]} Kg7 {[%emt 0:00:22]} 59. Rh5 {[%emt 0:00:27]} Kg6 {[%emt 0:00:10]} 60. Rh8 {[%emt 0:00:08]} Kg7 {[%emt 0:00:28]} 61. Rd8 {[%emt 0:00:02]} Kf7 {[%emt 0:00:28]} 62. Bd1 {[%emt 0:01:25]} Bb5 {[%emt 0:01:17]} 63. Rc8 {[%emt 0:00:28]} c4 {[%emt 0:00:43]} 64. Be2 {[%emt 0:00:38]} Ba6 {[%emt 0:01:44]} 65. Bxc4 {[%emt 0:01:08]} Rb3+ {[%emt 0:00:03]} 66. Kxb3 {[%emt 0:00:10]} Bxc8 {[%emt 0:00:01]} 67. Be2 {[%emt 0:00:45]} Ke7 {[%emt 0:00:01]} 68. Kb4 {[%emt 0:00:56]} Kd6 {[%emt 0:00:01]} 69. Kb5 {[%emt 0:00:23]} Bd7+ {[%emt 0:00:01]} 70. Kb6 {[%emt 0:00:12]} Bc8 {[%emt 0:00:02]} 71. Bf3 {[%emt 0:00:11]} Bd7 {[%emt 0:00:33]} 72. Kb7 {[%emt 0:00:17]} Bb5 {[%emt 0:00:02]} 73. Kc8 {[%emt 0:00:39]} Bd7+ {[%emt 0:00:02]} 74. Kd8 {[%emt 0:00:10]} Bb5 {[%emt 0:00:03]} 75. Bd1 {[%emt 0:00:28]} 1/2-1/2